000 00854nam a2200253 i 4500
001 10436
003 ES-MaACL
005 20250808062708.0
007 t|
008 950615s1993 sp |||| | spa d
020 _a84-7914-088-7
080 _a226.5.06
100 1 _aCaba, José.
_933051
245 1 0 _aCristo, pan de vida
_b: teología eucarística del IV Evangelio : estudio exegético de Jn 6 /
_cpor José Caba.
260 _aMadrid :
_bBiblioteca de Autores Cristianos,
_c1993.
300 _a671 p. ;
_c20 cm.
490 1 _aBiblioteca de autores cristianos ;
_v531
500 _aÍndices.
504 _aBibliografía: p. [9]-17.
630 0 4 _aBiblia.
_pN.T.
_pEvangelio según Juan-
_xCrítica e interpretación.
_9144246
830 0 0 _aBiblioteca de autores cristianos
_v531
_9178679
852 _aES-MaACL
_jJ-518
999 _c10436
_d10436